[Event "TCh-CHN 2015"]
[Site "China CHN"]
[Date "2015.07.27"]
[Round "11.4"]
[Board "1"]
[White "Wang, Yue"]
[Black "Wen, Yang"]
[Result "0-1"]
[WhiteTitle "GM"]
[BlackTitle "GM"]
[WhiteElo "2726"]
[BlackElo "2573"]
[WhiteTeam "Tianjing"]
[BlackTeam "Shandong"]
[WhiteFideId "8601429"]
[BlackFideId "8602956"]
[EventDate "2015.04.10"]

1. c4 e5 2. g3 Nc6 3. Bg2 g6 4. Nc3 Bg7 5. d3 d6 6. Rb1 a5 7. a3 Nf6 8. e3 Bg4
9. Nge2 Qc8 10. h3 Bd7 11. g4 h5 12. g5 Nh7 13. h4 f6 14. gxf6 Nxf6 15. Nd5 Nxd5
16. cxd5 Ne7 17. e4 c6 18. Bg5 Bh6 19. Bxh6 Rxh6 20. Qd2 Rh7 21. dxc6 Nxc6 22.
d4 exd4 23. Nxd4 Ne5 24. Nf3 Bh3 25. Nxe5 Bxg2 26. Qd5 Rg7 27. Nc4 Ra6 28. Rc1
Kf8 29. Kd2 Bxh1 30. Rxh1 Qg4 31. e5 Rf7 32. exd6 Rxf2+ 33. Kc1 Rxd6 0-1

[Event "TCh-CHN 2015"]
[Site "China CHN"]
[Date "2015.07.27"]
[Round "11.4"]
[Board "2"]
[White "Ma, Qun"]
[Black "Zhao, Jun"]
[Result "1/2-1/2"]
[WhiteTitle "GM"]
[BlackTitle "GM"]
[WhiteElo "2609"]
[BlackElo "2621"]
[WhiteTeam "Tianjing"]
[BlackTeam "Shandong"]
[WhiteFideId "8603154"]
[BlackFideId "8602522"]
[EventDate "2015.04.10"]

1. d4 Nf6 2. c4 e6 3. Nc3 Bb4 4. Qc2 O-O 5. a3 Bxc3+ 6. Qxc3 d5 7. Nf3 dxc4 8.
Qxc4 b6 9. Bg5 Ba6 10. Qa4 Qd7 11. Qxd7 Nbxd7 12. Bxf6 Nxf6 13. e3 Bb7 14. Rc1
Rac8 15. Ne5 Rfd8 16. f3 c5 17. dxc5 Nd7 18. Nxd7 Rxd7 19. e4 Kf8 20. b4 bxc5
21. Bb5 Rdc7 22. Kd2 cxb4 23. axb4 Rxc1 24. Rxc1 Rxc1 25. Kxc1 e5 26. Kd2 Ke7
27. Kc3 Kd6 28. h4 f6 29. Bc4 g5 30. hxg5 fxg5 31. g4 h6 1/2-1/2

[Event "TCh-CHN 2015"]
[Site "China CHN"]
[Date "2015.07.27"]
[Round "11.4"]
[Board "3"]
[White "Malakhov, Vladimir"]
[Black "Liu, Qingnan"]
[Result "1-0"]
[WhiteTitle "GM"]
[BlackTitle "IM"]
[WhiteElo "2706"]
[BlackElo "2510"]
[WhiteTeam "Tianjing"]
[BlackTeam "Shandong"]
[WhiteFideId "4120787"]
[BlackFideId "8603294"]
[EventDate "2015.04.10"]

1. e4 c5 2. Nf3 d6 3. d4 cxd4 4. Nxd4 Nf6 5. Nc3 a6 6. g3 e5 7. Nde2 Be7 8. Bg2
O-O 9. a4 Nc6 10. O-O Be6 11. Nd5 Rc8 12. b3 Bg4 13. Ne3 Bh5 14. Bb2 Bg6 15. Nc3
Nb4 16. a5 Re8 17. Ra4 d5 18. Ncxd5 Nfxd5 19. exd5 Bc5 20. Qe2 Qd7 21. Bc3 Nxc2
22. Nxc2 Bd4 23. Bxd4 exd4 24. Qd2 Bxc2 25. Qxd4 f5 26. d6 Be4 27. Bxe4 Rxe4 28.
Qd5+ Qf7 29. Qd3 Rxa4 30. bxa4 Qe6 31. d7 Rd8 32. Rd1 Kf7 33. Qd4 Qe4 34. Qxe4
fxe4 35. Rd4 Kf6 36. Kf1 Ke5 37. Rd1 Ke6 38. Ke2 Rxd7 39. Rxd7 Kxd7 40. Ke3 Kc6
41. Kxe4 b5 42. axb6 Kxb6 43. f4 Ka5 44. g4 Kxa4 45. f5 Kb4 46. g5 Kc5 47. Ke5
Kc6 48. Ke6 1-0

[Event "TCh-CHN 2015"]
[Site "China CHN"]
[Date "2015.07.27"]
[Round "11.4"]
[Board "4"]
[White "Xu, Huahua"]
[Black "Ni, Shiqun"]
[Result "1/2-1/2"]
[WhiteTitle "WIM"]
[BlackTitle "WIM"]
[WhiteElo "2105"]
[BlackElo "2315"]
[WhiteTeam "Shandong"]
[BlackTeam "Tianjing"]
[WhiteFideId "8604096"]
[BlackFideId "8608466"]
[EventDate "2015.04.10"]

1. e4 e5 2. Nf3 Nf6 3. Nc3 Bb4 4. Nxe5 O-O 5. Nd3 Bxc3 6. dxc3 Nxe4 7. Nf4 Re8
8. Be2 d6 9. O-O Nd7 10. c4 Ne5 11. Be3 Bd7 12. Re1 Ng6 13. Nxg6 hxg6 14. Bf3
Bc6 15. b3 Qd7 16. Bxe4 Rxe4 17. f3 Re7 18. Qd3 b6 19. Bd2 Rae8 20. Rxe7 Rxe7
21. Re1 Rxe1+ 22. Bxe1 Qe8 23. Bg3 Bd7 24. Qd2 Bf5 25. c3 Kf8 26. Kf2 Qe6 27.
Bf4 Qe8 28. Bg3 Qc6 29. Bh4 Bb1 30. a4 Qc5+ 31. Qd4 Bc2 32. Qxc5 dxc5 33. Bd8 c6
34. Bc7 Bxb3 35. Bb8 a6 36. Ba7 Bxa4 37. Bxb6 Bb3 38. Bxc5+ Kg8 39. Ke3 Bxc4 40.
Bb4 f5 41. f4 Kf7 42. g3 Ke6 43. Kd4 Bd5 44. h4 Bg2 45. Bf8 a5 46. Kc5 Be4 47.
Bxg7 a4 48. Kb4 Bc2 49. c4 Bb3 50. Bb2 Kf7 51. Kc5 Kg8 52. Kxc6 Bxc4 53. Kd6 Kh7
54. Kc5 Bb3 55. Kb4 Kh6 56. Bf6 Kh5 57. Ka3 Kg4 58. Bg5 Kxg3 59. Kb2 Kf3 60. Ka3 1/2-1/2

[Event "TCh-CHN 2015"]
[Site "China CHN"]
[Date "2015.07.27"]
[Round "11.4"]
[Board "5"]
[White "Xiao, Yiyi"]
[Black "Khotenashvili, Bela"]
[Result "0-1"]
[WhiteTitle "WFM"]
[BlackTitle "GM"]
[WhiteElo "2218"]
[BlackElo "2513"]
[WhiteTeam "Shandong"]
[BlackTeam "Tianjing"]
[WhiteFideId "8606161"]
[BlackFideId "13602640"]
[EventDate "2015.04.10"]

1. Nf3 d5 2. g3 c6 3. Bg2 Bg4 4. c4 e6 5. Qb3 Qb6 6. Qxb6 axb6 7. d3 Nd7 8. cxd5
exd5 9. O-O g6 10. Bd2 Ngf6 11. Bc3 Bg7 12. h3 Bxf3 13. Bxf3 Nc5 14. Nd2 O-O 15.
b3 Nfd7 16. Bxg7 Kxg7 17. d4 Ne6 18. e3 Ra3 19. Nb1 Ra7 20. Rd1 b5 21. Nc3 b4
22. Ne2 Rfa8 23. Rd2 Ra3 24. Nc1 Nf6 25. Rb2 b6 26. Nd3 c5 27. dxc5 bxc5 28. Rc1
Rxa2 29. Rxa2 Rxa2 30. Nxc5 Rb2 31. g4 g5 32. Kg2 h6 33. Kg3 Kf8 34. Kg2 Ke7 35.
Kf1 Nxc5 36. Rxc5 Kd6 37. Rb5 Rxb3 38. Rb6+ Ke5 39. Rb7 Rb1+ 40. Ke2 Rb2+ 41.
Ke1 Rb1+ 42. Ke2 Rb2+ 43. Ke1 Ne4 44. Rxf7 Nc3 45. Rb7 Kd6 46. Kf1 b3 47. Kg2
Rb1 48. Rb8 b2 49. h4 Na4 50. hxg5 hxg5 51. Rd8+ Ke7 52. Rxd5 Rg1+ 53. Kxg1
b1=Q+ 54. Kg2 Qg6 55. Re5+ Kd6 56. Rd5+ Kc7 57. Ra5 Nb6 58. Rc5+ Kd7 59. Rc6 Qb1
60. Rc5 Qb2 61. Rxg5 Nc4 62. Kg3 Ne5 63. Rf5 Ke6 64. Kg2 Ng6 65. Rh5 Kf6 66. Be4
Ne5 67. g5+ Kg7 68. Rh7+ Kg8 69. g6 Qa2 70. Rh5 Qe6 71. Rg5 Kg7 72. Rg3 Qc4 73.
Bf3 Qc2 74. Rh3 Nd3 75. Rh7+ Kf6 76. Rf7+ Kxg6 77. Bd5 0-1

[Event "TCh-CHN 2015"]
[Site "China CHN"]
[Date "2015.07.27"]
[Round "11.5"]
[Board "1"]
[White "Zeng, Chongsheng"]
[Black "Lysyj, Igor"]
[Result "0-1"]
[WhiteTitle "GM"]
[BlackTitle "GM"]
[WhiteElo "2541"]
[BlackElo "2691"]
[WhiteTeam "Guangdong"]
[BlackTeam "Hangzhou"]
[WhiteFideId "8603847"]
[BlackFideId "4150120"]
[EventDate "2015.04.10"]

1. c4 Nf6 2. Nf3 b6 3. g3 Bb7 4. Bg2 e6 5. O-O c5 6. Nc3 Be7 7. d4 cxd4 8. Qxd4
O-O 9. Rd1 Qc8 10. Bg5 h6 11. Bxf6 Bxf6 12. Qd3 Na6 13. Rac1 Rd8 14. b3 d6 15.
Qe3 Nc7 16. h4 Ne8 17. g4 Qc5 18. Qf4 Rac8 19. Ne4 Bxe4 20. Qxe4 g6 21. Qf4 Bg7
22. g5 h5 23. Ne1 Qa5 24. a4 Qb4 25. Qe3 Qc5 26. Qd2 a5 27. e3 Qc7 28. Nc2 Qc5
29. Ne1 Qc7 30. Nd3 Qa7 31. Nf4 Be5 32. Ne2 Qc7 33. f4 Bg7 34. Ng3 Qc5 35. Kh2
Qa3 36. Rb1 Nc7 37. Qe2 d5 38. e4 dxe4 39. Bxe4 Rxd1 40. Qxd1 Qe7 41. Qf3 Rd8
42. Re1 Rd2+ 43. Re2 Qd6 44. Rxd2 Qxd2+ 45. Kh3 Bf8 46. Bb7 Bd6 47. Ne4 Qxf4 48.
Qxf4 Bxf4 49. Kg2 Be3 50. Kf3 Bg1 51. Kf4 Kf8 52. Ke5 Ke7 53. Bc6 Na6 54. Kf4
Nb4 55. Bb5 Nd3+ 56. Kf3 Nc1 57. Nd2 Bc5 58. Ke4 Bb4 59. Nf3 Nxb3 60. Ne5 Nc5+
61. Kd4 Bd2 62. Nc6+ Kd6 63. Ne5 Bc3+ 64. Kxc3 Kxe5 65. Be8 Ne4+ 66. Kd3 Nd6 67.
Bd7 Kf4 0-1

[Event "TCh-CHN 2015"]
[Site "China CHN"]
[Date "2015.07.27"]
[Round "11.5"]
[Board "2"]
[White "Li, Shilong"]
[Black "Bai, Jinshi"]
[Result "1/2-1/2"]
[WhiteTitle "GM"]
[BlackTitle "IM"]
[WhiteElo "2508"]
[BlackElo "2518"]
[WhiteTeam "Guangdong"]
[BlackTeam "Hangzhou"]
[WhiteFideId "8600678"]
[BlackFideId "8602280"]
[EventDate "2015.04.10"]

1. e4 c5 2. Nf3 e6 3. d4 cxd4 4. Nxd4 Nc6 5. Nc3 Qc7 6. Be2 Nf6 7. a3 Be7 8. Be3
O-O 9. f4 d6 10. O-O Nxd4 11. Qxd4 b6 12. Bf3 Bb7 13. Qd3 Rac8 14. Rac1 Qc4 15.
e5 Nd5 16. Nxd5 Bxd5 17. Bxd5 exd5 18. Rfe1 dxe5 19. fxe5 Bc5 20. Bxc5 Qxc5+ 21.
Kh1 Rfe8 1/2-1/2

[Event "TCh-CHN 2015"]
[Site "China CHN"]
[Date "2015.07.27"]
[Round "11.5"]
[Board "3"]
[White "Xu, Yinglun"]
[Black "Gao, Rui"]
[Result "1-0"]
[BlackTitle "GM"]
[WhiteElo "2443"]
[BlackElo "2533"]
[WhiteTeam "Guangdong"]
[BlackTeam "Hangzhou"]
[WhiteFideId "8604940"]
[BlackFideId "8602387"]
[EventDate "2015.04.10"]

1. d4 Nf6 2. c4 g6 3. Nc3 d5 4. cxd5 Nxd5 5. e4 Nxc3 6. bxc3 Bg7 7. Qa4+ Qd7 8.
Qb3 O-O 9. Nf3 b6 10. Be3 Bb7 11. Bb5 c6 12. Be2 c5 13. d5 e6 14. Rd1 exd5 15.
exd5 Qd6 16. O-O Nd7 17. c4 Nf6 18. g3 Rfe8 19. Rfe1 Ne4 20. Bd3 Qd7 21. Bf4 Nd6
22. a4 Rac8 23. a5 Rxe1+ 24. Rxe1 Ba6 25. axb6 axb6 26. Ne5 Bxe5 27. Bxe5 Re8
28. Re3 Nf5 29. Bb2 Rxe3 30. fxe3 Qd6 31. Qa3 b5 32. cxb5 Bb7 33. e4 Qb6 34.
exf5 c4+ 35. Kf1 Qe3 36. Bc2 Qh6 37. Qe7 1-0

[Event "TCh-CHN 2015"]
[Site "China CHN"]
[Date "2015.07.27"]
[Round "11.5"]
[Board "4"]
[White "Gu, Tianlu"]
[Black "Li, Xueyi"]
[Result "1-0"]
[WhiteTitle "WIM"]
[WhiteElo "2182"]
[BlackElo "2190"]
[WhiteTeam "Hangzhou"]
[BlackTeam "Guangdong"]
[WhiteFideId "8603995"]
[BlackFideId "8605912"]
[EventDate "2015.04.10"]

1. Nf3 d5 2. g3 c5 3. Bg2 Nc6 4. O-O e5 5. d3 Nf6 6. e4 Be7 7. exd5 Nxd5 8. Re1
f6 9. c3 O-O 10. Nbd2 Kh8 11. Nc4 Rb8 12. Nh4 g5 13. Nf3 Rg8 14. a4 Nf4 15. gxf4
gxf4 16. Kh1 Bf5 17. b3 Qf8 18. Nh4 Be6 19. Bxf4 Bxc4 20. dxc4 exf4 21. Bxc6
bxc6 22. Nf5 Bd8 23. Qd7 f3 24. Rg1 Rg2 25. Rae1 Qg8 26. Nh6 1-0

[Event "TCh-CHN 2015"]
[Site "China CHN"]
[Date "2015.07.27"]
[Round "11.5"]
[Board "5"]
[White "Lei, Tingjie"]
[Black "Liu, Manli CHN"]
[Result "1/2-1/2"]
[WhiteTitle "WGM"]
[WhiteElo "2444"]
[BlackElo "2033"]
[WhiteTeam "Hangzhou"]
[BlackTeam "Guangdong"]
[WhiteFideId "8605114"]
[BlackFideId "8608121"]
[EventDate "2015.04.10"]

1. c4 e6 2. g3 d5 3. Bg2 Nf6 4. Nf3 Be7 5. d4 O-O 6. Nc3 dxc4 7. Ne5 Nc6 8. Bxc6
bxc6 9. Nxc6 Qe8 10. Nxe7+ Qxe7 11. Qa4 c5 12. dxc5 Qxc5 13. Be3 Qc7 14. f3 Bb7
15. O-O Rfd8 16. Rac1 Nd5 17. Nxd5 exd5 18. Bd4 Qe7 19. Rf2 a6 20. Qc2 Rac8 21.
Qc3 f5 22. Qd2 Rc6 23. Qf4 Rf8 24. Bc3 Rcc8 25. Rg2 Rc6 26. Rd1 Qf7 27. Kh1 Re6
28. Bd4 Qe7 29. Re1 Ba8 30. g4 fxg4 31. Qxg4 Rg6 32. Qh3 Bc6 33. Rxg6 hxg6 34.
Qg2 Kh7 35. Rg1 Be8 36. Qf2 Rf5 37. Rg4 Kg8 38. Bc3 Bf7 39. Qd4 Be8 40. Kg2 Qf6
41. Qe3 Qd8 42. Qa7 Bf7 43. Qxa6 Rg5 44. Rxg5 Qxg5+ 45. Kf1 Qf4 46. Qc8+ Kh7 47.
Qf8 d4 48. Bxd4 Qxd4 49. Qxf7 Qd1+ 50. Kf2 Qd4+ 51. Kg2 Qxb2 52. Qxc4 Qxa2 1/2-1/2

[Event "TCh-CHN 2015"]
[Site "China CHN"]
[Date "2015.07.27"]
[Round "11.6"]
[Board "2"]
[White "Lin, Chen"]
[Black "Lu, Shanglei"]
[Result "0-1"]
[WhiteTitle "IM"]
[BlackTitle "GM"]
[WhiteElo "2448"]
[BlackElo "2570"]
[WhiteTeam "Jiangsu"]
[BlackTeam "Zhejiang"]
[WhiteFideId "8602298"]
[BlackFideId "8603332"]
[EventDate "2015.04.10"]

1. e4 c5 2. Nf3 d6 3. Bb5+ Nd7 4. d4 Nf6 5. Nc3 cxd4 6. Qxd4 e5 7. Qd3 h6 8. Be3
Be7 9. O-O O-O 10. h3 a6 11. Bc4 Nb6 12. Bb3 Be6 13. Nd2 Rc8 14. a4 Qc7 15. a5
Nc4 16. Bxc4 Bxc4 17. Nxc4 Qxc4 18. Rfd1 Qxd3 19. Rxd3 Rc4 20. f3 Rfc8 21. Kf2
Kf8 22. Ke2 Ke8 23. Kd2 d5 24. exd5 Bb4 25. d6 Kd7 26. Kd1 Bxc3 27. bxc3 e4 28.
fxe4 Nxe4 29. Bd4 f6 30. Rb1 Nxd6 31. Rb6 R8c6 32. Kc1 Rxb6 33. Bxb6 Kc6 34. Rg3
g5 35. Bd4 Ra4 36. Bxf6 Rxa5 37. Rf3 Nc4 38. Kd1 Ra1+ 39. Ke2 Rg1 40. Rf2 Rc1
41. Kd3 b5 42. Bg7 Rd1+ 43. Ke4 Rd6 44. Bf8 Re6+ 45. Kf5 Kd5 46. Kg4 a5 47. Kh5
a4 48. Bxh6 a3 49. Rf1 Ne3 50. Ra1 Nxc2 51. Ra2 Kc4 52. Bf8 Kb3 53. Rxc2 Kxc2
54. Bxa3 Re3 55. Kxg5 Kxc3 56. h4 Kc4 57. Bb2 Re2 58. Ba1 Rxg2+ 59. Kf5 Rh2 60.
Kg5 Kd5 61. h5 Ke6 62. h6 Kf7 0-1

[Event "TCh-CHN 2015"]
[Site "China CHN"]
[Date "2015.07.27"]
[Round "11.6"]
[Board "3"]
[White "Yu, Ruiyuan"]
[Black "Lan, Zilun"]
[Result "1/2-1/2"]
[WhiteTitle "GM"]
[WhiteElo "2571"]
[BlackElo "2180"]
[WhiteTeam "Jiangsu"]
[BlackTeam "Zhejiang"]
[WhiteFideId "8603090"]
[BlackFideId "8604193"]
[EventDate "2015.04.10"]

1. e4 c6 2. d4 d5 3. Nd2 dxe4 4. Nxe4 Nd7 5. Bc4 Ngf6 6. Nxf6+ Nxf6 7. c3 Qc7 8.
Qf3 Bg4 9. Qg3 Qxg3 10. hxg3 e6 11. Ne2 O-O-O 12. f3 Bf5 13. a4 Bd6 14. g4 Bg6
15. Bg5 h5 16. gxh5 Rxh5 17. Rxh5 Bxh5 18. Bd3 e5 19. O-O-O Re8 20. dxe5 Bxe5
21. Bf5+ Kc7 22. Nf4 Bxf4+ 23. Bxf4+ Kb6 24. Bg5 Bg6 25. Bxg6 fxg6 26. Rd6 Kc5
27. Rd2 Nd5 28. Kc2 a5 29. Bh4 Kb6 30. Kb3 Ka6 31. Bf2 g5 32. Bc5 Re6 33. Rd4
Re2 34. g3 Re5 35. Bf8 Rf5 36. Bxg7 Rxf3 37. Rg4 Rf5 38. Bd4 b6 39. Re4 Rf3 40.
g4 Rg3 41. Kc4 Nf4 42. b4 axb4 43. cxb4 b5+ 44. axb5+ cxb5+ 45. Kc5 Nd3+ 46. Kd6
Nxb4 47. Re7 Ka5 48. Ra7+ Na6 49. Kc6 Rxg4 50. Bb6+ Kb4 51. Rxa6 Rc4+ 52. Kd5 g4
53. Ra1 g3 54. Bd4 g2 55. Ke4 Rc8 56. Kf3 Rg8 57. Bf2 Kc3 58. Bg3 b4 59. Rg1 b3
60. Rxg2 Rxg3+ 1/2-1/2

[Event "TCh-CHN 2015"]
[Site "China CHN"]
[Date "2015.07.27"]
[Round "11.6"]
[Board "4"]
[White "Qiu, Mengjie"]
[Black "Guo, Qi"]
[Result "0-1"]
[WhiteTitle "WFM"]
[BlackTitle "IM"]
[WhiteElo "2122"]
[BlackElo "2443"]
[WhiteTeam "Zhejiang"]
[BlackTeam "Jiangsu"]
[WhiteFideId "8606137"]
[BlackFideId "8604002"]
[EventDate "2015.04.10"]

1. e4 c6 2. d4 d5 3. e5 Bf5 4. h4 h6 5. g4 Bd7 6. Be3 Qc8 7. Be2 c5 8. dxc5 e6
9. Nf3 Bxc5 10. Bxc5 Qxc5 11. c3 Qc7 12. Qd4 Nc6 13. Qe3 O-O-O 14. Nbd2 h5 15.
gxh5 Nh6 16. Bb5 Nf5 17. Qe2 Nxe5 18. Nd4 Nxd4 19. cxd4 Bxb5 20. Qxb5 Nc6 21.
Rc1 Kb8 22. Rh3 Qb6 23. Qxb6 axb6 24. Nf3 Rxh5 25. Rg3 g6 26. Kd2 b5 27. Rc5 b4
28. Rg5 Rdh8 29. Rg4 Rf5 30. Ke3 Kc7 31. a3 bxa3 32. bxa3 Kd6 33. Rb5 Ra8 34.
Rb3 Na5 35. Rc3 Nc4+ 36. Ke2 Rxa3 37. Rxa3 Nxa3 38. Rg1 b5 39. Rc1 Nc4 40. Ra1
b4 41. Ra6+ Kc7 42. Ra4 b3 43. Rb4 b2 0-1

[Event "TCh-CHN 2015"]
[Site "China CHN"]
[Date "2015.08.20"]
[Round "12.1"]
[White "Fang, Yuxiang"]
[Black "Lan, Zilun"]
[Result "1-0"]
[WhiteElo "2437"]
[BlackElo "2180"]
[WhiteTeam "Qingdao"]
[BlackTeam "Zhejiang"]
[WhiteFideId "8605840"]
[BlackFideId "8604193"]
[EventDate "2015.04.10"]

1. d4 Nf6 2. Nf3 d5 3. c4 e6 4. Nc3 Be7 5. Bf4 O-O 6. e3 b6 7. Rc1 c5 8. dxc5
bxc5 9. Be2 Bb7 10. Qb3 Qb6 11. O-O Nbd7 12. Rfd1 Rac8 13. Ne5 Rfd8 14. Bf3 Nxe5
15. Bxe5 Bc6 16. cxd5 Nxd5 17. Nxd5 exd5 18. Rd2 Bd6 19. Bxd6 Rxd6 20. Qa3 Bb7
21. b3 Qc7 22. Rdc2 Rc6 23. Bxd5 Ra6 24. Qxc5 Qxc5 25. Rxc5 Rxc5 26. Rxc5 Rxa2
27. h4 1-0

[Event "TCh-CHN 2015"]
[Site "China CHN"]
[Date "2015.08.20"]
[Round "12.1"]
[White "Ma, Zhonghan"]
[Black "Lu, Shanglei"]
[Result "1/2-1/2"]
[WhiteTitle "IM"]
[BlackTitle "GM"]
[WhiteElo "2468"]
[BlackElo "2570"]
[WhiteTeam "Qingdao"]
[BlackTeam "Zhejiang"]
[WhiteFideId "8607206"]
[BlackFideId "8603332"]
[EventDate "2015.04.10"]

1. d4 f5 2. Nc3 Nf6 3. Bg5 d5 4. e3 g6 5. Nf3 Bg7 6. Bd3 Ne4 7. Bf4 c5 8. Nb5
Na6 9. O-O Be6 10. dxc5 Bf7 11. b4 b6 12. Nbd4 Nxb4 13. Bb5+ Kf8 14. cxb6 axb6
15. Qb1 Na6 16. Bc6 Ra7 17. Nb5 g5 18. Be5 Ra8 19. Bxg7+ Kxg7 20. Bxa8 Qxa8 21.
Qb2+ Kh6 22. Qe5 e6 23. Nd6 Nxd6 24. Qxd6 Qd8 25. Ne5 Kg7 26. Qxd8 Rxd8 27. Rab1
Rd6 28. Rfd1 Bh5 29. Rd4 Be8 30. c4 Kf6 31. Nf3 Nc7 32. cxd5 Nxd5 33. Nd2 Rc6
34. Rc4 Rd6 35. Rc8 Bg6 36. Nc4 Rd7 37. h4 gxh4 38. Nxb6 Nxb6 39. Rxb6 Rd1+ 40.
Kh2 Rd2 41. Rcc6 Rxf2 42. Rxe6+ Kg5 43. a4 Ra2 44. Ra6 Ra3 45. a5 Kg4 46. Red6
Rxe3 47. Rd4+ f4 48. Rf6 Bf5 49. a6 Ra3 50. Rd5 Bg6 51. Rd4 Bf5 52. Rd8 Kg5 53.
Rdf8 Bg6 54. Rb6 Ra4 55. Rd8 Ra2 56. Kg1 Kg4 57. Rb3 Rxa6 58. Rd4 1/2-1/2

[Event "TCh-CHN 2015"]
[Site "China CHN"]
[Date "2015.08.20"]
[Round "12.1"]
[White "Zhu, Jiner"]
[Black "Yuan, Ye"]
[Result "1/2-1/2"]
[WhiteElo "1989"]
[BlackElo "2114"]
[WhiteTeam "Zhejiang"]
[BlackTeam "Qingdao"]
[WhiteFideId "8608059"]
[BlackFideId "8608415"]
[EventDate "2015.04.10"]

1. e4 c5 2. Nf3 e6 3. d4 cxd4 4. Nxd4 a6 5. Bd3 Bc5 6. Nb3 Ba7 7. O-O Nc6 8. Nc3
Nf6 9. Qe2 d6 10. Be3 O-O 11. Rad1 b5 12. Bxa7 Rxa7 13. f4 b4 14. Na4 e5 15. h3
Bd7 16. Qe3 exf4 17. Rxf4 Re8 18. Nb6 Be6 19. Nc4 Rae7 20. Nd4 Nxd4 21. Qxd4
Bxc4 22. Qxc4 Qb6+ 23. Kh1 a5 24. Rf5 Re5 25. Rxe5 Rxe5 26. c3 Rc5 27. Qb3 Qb7
28. cxb4 axb4 29. a3 Nxe4 30. Bxe4 Qxe4 31. Rxd6 g6 32. axb4 Rc1+ 33. Rd1 Rxd1+
34. Qxd1 Qxb4 35. b3 h5 36. Qd3 h4 37. Qe3 Kg7 1/2-1/2

[Event "TCh-CHN 2015"]
[Site "China CHN"]
[Date "2015.08.20"]
[Round "12.1"]
[White "Ding, Yixin"]
[Black "Pham, Le Thao Nguyen"]
[Result "1/2-1/2"]
[WhiteTitle "WGM"]
[BlackTitle "WGM"]
[WhiteElo "2434"]
[BlackElo "2319"]
[WhiteTeam "Zhejiang"]
[BlackTeam "Qingdao"]
[WhiteFideId "8602972"]
[BlackFideId "12401226"]
[EventDate "2015.04.10"]

1. Nf3 d5 2. g3 c6 3. Bg2 Bg4 4. O-O Nd7 5. d3 Ngf6 6. Nbd2 e6 7. e4 Be7 8. Qe2
O-O 9. e5 Ne8 10. h3 Bh5 11. g4 Bg6 12. Nh2 f6 13. exf6 Rxf6 14. Ndf3 Nc7 15.
Bg5 Rf7 16. Bxe7 Qxe7 17. Ne5 Nxe5 18. Qxe5 Raf8 19. Rae1 Rf4 20. Re3 h6 21. Rf3
Rxf3 22. Nxf3 c5 23. Re1 b6 24. Re2 Be8 25. Qg3 Qf7 26. Ne5 Qf4 27. Qxf4 Rxf4
28. Kh2 Ra4 29. a3 b5 30. Kg3 b4 31. axb4 Rxb4 32. c3 Rb6 33. f4 a5 34. h4 a4
35. Bf3 Kf8 36. h5 Rb3 37. f5 exf5 38. gxf5 a3 39. bxa3 Rxc3 40. Rb2 Ke7 41. Rb7
Kd6 42. Kf4 Rxa3 43. Rb6+ Ke7 44. Ng6+ Bxg6 45. hxg6 Ra6 46. f6+ gxf6 47. g7 Ra8
48. Rb7 Kd6 49. Rxc7 Kxc7 50. Bxd5 Rd8 51. g8=Q Rxg8 52. Bxg8 Kd6 53. Kf5 h5 54.
Bf7 h4 55. Kg4 Ke5 56. Kxh4 Kf4 57. Bc4 f5 58. Be6 Ke3 59. Bc4 Kf4 60. Bb5 Kf3
61. Kg5 f4 62. Kf5 Kg3 63. Ke4 f3 64. d4 cxd4 65. Kxd4 1/2-1/2

[Event "TCh-CHN 2015"]
[Site "China CHN"]
[Date "2015.08.20"]
[Round "12.2"]
[White "Yu, Ruiyuan"]
[Black "Popov, Ivan"]
[Result "1/2-1/2"]
[WhiteTitle "GM"]
[BlackTitle "GM"]
[WhiteElo "2571"]
[BlackElo "2661"]
[WhiteTeam "Jiangsu"]
[BlackTeam "Hangzhou"]
[WhiteFideId "8603090"]
[BlackFideId "4170350"]
[EventDate "2015.04.10"]

1. e4 c5 2. Nf3 Nc6 3. d4 cxd4 4. Nxd4 Nf6 5. Nc3 d6 6. Bg5 e6 7. Qd2 Be7 8.
O-O-O O-O 9. f4 Nxd4 10. Qxd4 h6 11. h4 hxg5 12. hxg5 Ng4 13. Be2 e5 14. Qg1
exf4 15. Bxg4 Bxg4 16. Qh2 f5 17. g6 Bh4 18. Rd4 fxe4 19. Rxe4 Bh5 20. Qxh4 Qxh4
21. Rxh4 Bxg6 22. Rexf4 Rac8 23. Kd2 Rfe8 24. Rhg4 Re6 25. Ne4 Rce8 26. Nf6+
gxf6 27. Rxg6+ Kf7 28. Rg3 Re2+ 29. Kd3 Re1 30. Rh4 Rd1+ 31. Kc3 Re2 32. Rh7+
Ke6 33. Rxb7 Rc1 34. Kd3 Rcxc2 35. Re3+ Rxe3+ 36. Kxc2 a5 37. Ra7 Re5 38. Kd3
Rd5+ 39. Ke3 Re5+ 40. Kd3 Rd5+ 41. Ke3 Re5+ 1/2-1/2

[Event "TCh-CHN 2015"]
[Site "China CHN"]
[Date "2015.08.20"]
[Round "12.2"]
[White "Lin, Chen"]
[Black "Bai, Jinshi"]
[Result "1/2-1/2"]
[WhiteTitle "IM"]
[BlackTitle "IM"]
[WhiteElo "2448"]
[BlackElo "2518"]
[WhiteTeam "Jiangsu"]
[BlackTeam "Hangzhou"]
[WhiteFideId "8602298"]
[BlackFideId "8602280"]
[EventDate "2015.04.10"]

1. e4 c5 2. Nf3 e6 3. b3 b6 4. Bd3 d6 5. O-O Nf6 6. Bb2 Bb7 7. Re1 Be7 8. e5
dxe5 9. Nxe5 O-O 10. Nc3 Nc6 11. Ba6 Nxe5 12. Bxb7 Rb8 13. Rxe5 Rxb7 14. Qf3 Rd7
15. d3 Ne8 16. Ne4 f5 17. Nc3 Nc7 18. Rae1 Bf6 19. R5e2 Bd4 20. Nd1 Re7 21. a4
Qd7 22. Bxd4 cxd4 23. Nb2 Nd5 24. Nc4 Rfe8 25. Qg3 Nc3 26. Re5 Nd5 27. Qh4 Nb4
28. R5e2 Nc6 29. f4 Qc7 30. Qf2 a6 31. Ne5 Nb4 32. g3 Qc5 33. Nf3 Nc6 34. Ne5
Nb4 35. Nf3 Nc6 36. Ne5 1/2-1/2

[Event "TCh-CHN 2015"]
[Site "China CHN"]
[Date "2015.08.20"]
[Round "12.2"]
[White "Lei, Tingjie"]
[Black "Guo, Qi"]
[Result "1/2-1/2"]
[WhiteTitle "WGM"]
[BlackTitle "IM"]
[WhiteElo "2444"]
[BlackElo "2443"]
[WhiteTeam "Hangzhou"]
[BlackTeam "Jiangsu"]
[WhiteFideId "8605114"]
[BlackFideId "8604002"]
[EventDate "2015.04.10"]

1. Nf3 d5 2. d4 Nf6 3. c4 e6 4. g3 dxc4 5. Bg2 c5 6. O-O Nc6 7. Qa4 Bd7 8. Qxc4
b5 9. Qd3 Rc8 10. dxc5 Bxc5 11. Nc3 Nb4 12. Qd2 O-O 13. a3 Nc6 14. Qd3 b4 15.
axb4 Nxb4 16. Qb1 Bc6 17. Ng5 Bxg2 18. Kxg2 Nbd5 19. Na4 h6 20. Nxc5 Rxc5 21.
Nf3 Ra5 22. Rxa5 Qxa5 23. e4 Nb6 24. Bd2 Qb5 25. Bc3 Na4 26. Bd4 Rc8 27. Re1 Qb7
28. Qa1 Nb6 29. Qb1 Na4 30. Qa1 Nb6 31. Qb1 Na4 32. Qa1 Nb6 1/2-1/2